Moderné trendy vo výučbe cudzích jazykov
Gespeichert in:
| Weitere Verfasser: | , , |
|---|---|
| Format: | Buch |
| Sprache: | Slowakisch |
| Veröffentlicht: |
Brno
Tribun EU
2018
|
| Schlagworte: | |
| Tags: |
Keine Tags, Fügen Sie das erste Tag hinzu!
|
MARC
| LEADER | 00000nam a2200000 4500 | ||
|---|---|---|---|
| 001 | 0247521 | ||
| 005 | 20240502083659.9 | ||
| 020 | |a 978-80-263-1420-2 | ||
| 041 | 0 | |a slo | |
| 044 | |a CZ | ||
| 245 | 1 | 0 | |a Moderné trendy vo výučbe cudzích jazykov |c Ingrid Kunovská a kol. ; recenzenti: Radoslav Štefančík, Danuša Lišková |
| 264 | 1 | |a Brno |b Tribun EU |c 2018 | |
| 300 | |a 259 s. [15,66 AH] | ||
| 610 | 2 | 0 | |a jazykoveda |
| 610 | 2 | 0 | |a terminológia |
| 610 | 2 | 0 | |a pojmy |
| 610 | 2 | 0 | |a jazyky cudzie |
| 610 | 2 | 0 | |a vzdelávanie |
| 610 | 2 | 0 | |a výchova |
| 610 | 2 | 0 | |a motivácia |
| 610 | 2 | 0 | |a pedagogika |
| 610 | 2 | 0 | |a metodika |
| 610 | 2 | 0 | |a prekladateľstvo |
| 610 | 2 | 0 | |a tlmočníctvo |
| 610 | 2 | 0 | |a didaktika |
| 610 | 2 | 0 | |a literatúra |
| 610 | 2 | 0 | |a história |
| 610 | 2 | 0 | |a Európska únia |
| 700 | 1 | |a Kunovská, Ingrid, 1976- | |
| 700 | 1 | |a Štefančík, Radoslav, 1976- | |
| 700 | 1 | |a Lišková, Danuša | |